| Tag |
First Indicator |
Second Indicator |
Subfields |
| LEADER |
00000pam a2200000 a 4500 |
| 001 |
in00000644321 |
| 005 |
20151015062551.0 |
| 008 |
771216r19781953ctu b 00110 engm |
| 010 |
|
|
|a 77018784
|
| 020 |
|
|
|a 0313202052
|
| 035 |
|
|
|a (OCoLC)03543484
|
| 035 |
|
|
|9 ACV9107AM
|
| 040 |
|
|
|a DLC
|c DLC
|d m.c.
|d TXA
|d UtOrBLW
|
| 043 |
|
|
|a n-us---
|
| 049 |
|
|
|a TXAM
|c [1270515]
|
| 050 |
1 |
0 |
|a JK1096
|b .G7 1978
|
| 082 |
0 |
|
|a 328.73
|
| 100 |
1 |
|
|a Gross, Bertram M.,
|d 1912-1997.
|
| 245 |
1 |
4 |
|a The legislative struggle :
|b a study in social combat /
|c Bertram M. Gross.
|
| 264 |
|
1 |
|a Westport, Conn. :
|b Greenwood Press,
|c 1978.
|
| 300 |
|
|
|a xviii, 472 pages ;
|c 24 cm.
|
| 336 |
|
|
|a text
|b txt
|2 rdacontent
|
| 337 |
|
|
|a unmediated
|b n
|2 rdamedia
|
| 338 |
|
|
|a volume
|b nc
|2 rdacarrier
|
| 490 |
1 |
|
|a Reprint of the 1953 ed. published by McGraw-Hill, New York, in series: McGraw-Hill series in political science
|
| 504 |
|
|
|a Includes bibliographical references and index.
|
| 610 |
1 |
0 |
|a United States.
|b Congress.
|
| 650 |
|
0 |
|a Legislation
|z United States.
|
| 830 |
|
0 |
|a McGraw-Hill series in political science.
|
| 999 |
|
|
|a MARS
|
| 999 |
f |
f |
|s 97cd9e05-32fb-3482-9faf-e2a52dd25925
|i 15b08f19-e6cc-3104-a8b8-bf7dab711b9b
|t 0
|
| 952 |
f |
f |
|p ric
|a Texas A&M University
|b Rellis Campus
|c Joint Library Facility
|d Remote Storage
|t 0
|e JK1096 .G7 1978
|h Library of Congress classification
|i unmediated -- volume
|m A14803097435
|
| 998 |
f |
f |
|a JK1096 .G7 1978
|t 0
|l Remote Storage
|